Famous Football Players Picture Quiz - Belgium - Statistics

General Stats
  • This quiz has been taken 911 times
    708 since last reset
  • The average score is 11 of 15
Answer Stats
Picture Answer % Correct
Kevin de Bruyne
99%
Romelu Lukaku
99%
Eden Hazard
97%
Thibaut Courtois
96%
Vincent Kompany
93%
Marouane Fellaini
81%
Jan Vertonghen
79%
Youri Tielemans
77%
Axel Witsel
71%
Mousa Dembélé
69%
Thomas Vermaelen
59%
Nacer Chadli
58%
Daniel Van Buyten
44%
Michel Preud'homme
33%
Jan Ceulemans
22%
No matching quizzes found
Score Distribution
Percent of People with Each Score
Percentile by Number Answered
Your Score History
You have not taken this quiz since the last reset